|
|
|
|
| LEADER |
00000naa a2200000uu 4500 |
| 001 |
vtls011052982 |
| 003 |
SK-MaSNL |
| 005 |
20260302144714.0 |
| 008 |
210904|2006 xo |||||||||||||||||slo| |
| 015 |
|
|
|a SNBRA
|
| 035 |
|
|
|a (urnnbn)urn:nbn:sk:snk:ar-a0bw8s
|
| 035 |
|
|
|a (uuid)07930a53-d429-4c63-a2e0-ead1449d9a57
|
| 035 |
|
|
|a urn:nbn:sk:snk-aav2zg
|
| 040 |
|
|
|a SNKBUCL
|b slo
|c SNKBUCL
|e AACR2
|
| 041 |
0 |
|
|a slo
|
| 044 |
|
|
|a xo
|c SK
|
| 100 |
1 |
|
|a Huba, Mikuláš,
|d 1951-
|4 aut
|9 98562
|
| 245 |
1 |
0 |
|a VZDELÁVANIE PRACOVNÍKOV UNIVERZÍT A E-LEARNING
|c Mikuláš Huba, Katarína Žáková
|
| 700 |
1 |
|
|a Žáková, Katarína,
|d 1968-
|4 aut
|9 248677
|
| 773 |
0 |
|
|t DIDINFO 2006
|d Banská Bystrica : Univerzita Mateja Bela, 2006
|g S. 131-134
|z 8080832021
|
| 958 |
|
|
|a OND
|
| 958 |
|
|
|a article12
|
| 958 |
|
|
|a chapter
|
| 999 |
|
|
|c 1350621
|d 1352551
|